000 00293nam a2200121Ia 4500
008 220120s9999||||xx |||||||||||||| ||und||
082 _a005.1 OMU
100 _aOmura, George
_95853
245 0 _aABC`s of auto LISP
260 _bNew Delhi
_c1990
300 _a512p.
_b600
650 _aYEAR BOOKS
999 _c136207
_d136207